The contradictions of culture : cities, culture, women / (Record no. 8531)

MARC details
000 -LEADER
fixed length control field 01244nac a22003131u 4500
010 ## - LIBRARY OF CONGRESS CONTROL NUMBER
LC control number 2001271498
020 ## - INTERNATIONAL STANDARD BOOK NUMBER
International Standard Book Number 0761969748
020 ## - INTERNATIONAL STANDARD BOOK NUMBER
International Standard Book Number 0761969756 (pbk)
020 ## - INTERNATIONAL STANDARD BOOK NUMBER
International Standard Book Number 0761969756 :
035 ## - SYSTEM CONTROL NUMBER
System control number (OCoLC)ocm45869308
082 ## - DEWEY DECIMAL CLASSIFICATION NUMBER
Classification number 305.42 21
Item number WIL
090 ## - LOCALLY ASSIGNED LC-TYPE CALL NUMBER (OCLC); LOCAL CALL NUMBER (OCLC)
-- 8531
-- 8531
100 ## - MAIN ENTRY--PERSONAL NAME
Personal name Wilson, Elizabeth,
245 14 - TITLE STATEMENT
Title The contradictions of culture : cities, culture, women /
Remainder of title cities, culture, women /
Statement of responsibility, etc Elizabeth Wilson.
260 ## - PUBLICATION, DISTRIBUTION, ETC. (IMPRINT)
Place of publication, distribution, etc London ;
-- Thousand Oaks, Calif. :
Name of publisher, distributor, etc SAGE,2001.
Date of publication, distribution, etc c2001.
300 ## - PHYSICAL DESCRIPTION
Extent 167 p. ;
Dimensions 24 cm.
490 1# - Series Statement
Series statement Theory, culture & society
500 ## - GENERAL NOTE
General note Distributer: Al-Ahram
504 ## - BIBLIOGRAPHY, ETC. NOTE
Bibliography, etc Includes bibliographical references and index.
511 ## - PARTICIPANT OR PERFORMER NOTE
Participant or performer note Catalogued by: Sara
650 #0 - SUBJECT ADDED ENTRY--TOPICAL TERM
Topical term or geographic name as entry element Women
General subdivision Sociological aspects.
650 #0 - SUBJECT ADDED ENTRY--TOPICAL TERM
Topical term or geographic name as entry element Feminism.
650 #0 - SUBJECT ADDED ENTRY--TOPICAL TERM
Topical term or geographic name as entry element Sociology, Urban.
830 #0 - SERIES ADDED ENTRY--UNIFORM TITLE
Uniform title Theory, culture & society (Unnumbered)
856 42 - ELECTRONIC LOCATION AND ACCESS
Materials specified Publisher description
Uniform Resource Identifier <a href="http://www.loc.gov/catdir/enhancements/fy0657/2001271498-d.html">http://www.loc.gov/catdir/enhancements/fy0657/2001271498-d.html</a>
856 42 - ELECTRONIC LOCATION AND ACCESS
Materials specified Table of contents only
Uniform Resource Identifier <a href="http://www.loc.gov/catdir/enhancements/fy0657/2001271498-t.html">http://www.loc.gov/catdir/enhancements/fy0657/2001271498-t.html</a>
942 ## - ADDED ENTRY ELEMENTS (KOHA)
Item type Book - Borrowing
Call number prefix 305.42 21 WIL
Holdings
Withdrawn status Item status Damaged status Not for loan Home library Current library Shelving location Date acquired Source of acquisition Total Checkouts Total Renewals Full call number Barcode Date last seen Date last borrowed Koha item type
        Central Library Central Library First floor 08/03/2012 Purchase 3 5 305.42 21 WIL 000010346 15/07/2025 01/03/2016 Book - Borrowing